000 01086cam a22002295a 4500
001 L153689
008 110817s2009 xxk f 000 0 eng d
020 _a9781842195383
035 _a(Sirsi) u153689
041 0 _aeng
110 2 _aRoyal Institution of Chartered Surveyors
_94900
245 0 0 _aManaging mixed use developments
260 _aCoventry
_bRICS
_c2009
490 0 _aRICS Information Paper
520 _aThe new guidance note Managing Mixed Use Developments, 2012, (L158324) is based on this information paper, content and has been expanded significantly.
520 _aThis information paper is written to address the issues of mixed use buildings and those with a mix of commercial and long leasehold residential flats. It is applicable to properties in England and Wales.
590 _aKA
651 4 _aENGLAND AND WALES
690 _aPROPERTY-COMMERCIAL PROPERTY-COMMERCIAL PROPERTY MARKET
856 4 0 _uhttps://www.rics.org/Global/Downloads/Managing_mixed_use_developments_4_1_.pdf
_zView online for free at www.rics.org (member-only access).
942 _n0
999 _c112647
_d112647